Edukasyon : (Record no. 356354)
[ view plain ]
| 000 -LEADER | |
|---|---|
| fixed length control field | 00310nam a2200109Ia 4500 |
| 008 - FIXED-LENGTH DATA ELEMENTS--GENERAL INFORMATION | |
| fixed length control field | 180323s9999 xx 000 0 und d |
| 020 ## - INTERNATIONAL STANDARD BOOK NUMBER | |
| International Standard Book Number | 971879753 |
| 100 ## - MAIN ENTRY--PERSONAL NAME | |
| Personal name | Lee, Emeteria P. |
| 245 ## - TITLE STATEMENT | |
| Title | Edukasyon : |
| Remainder of title | Studies on pedagogy for filipinos |
| 260 ## - PUBLICATION, DISTRIBUTION, ETC. (IMPRINT) | |
| Place of publication, distribution, etc | Quezon City: |
| Name of publisher, distributor, etc | 1995 |
| Date of publication, distribution, etc | UP diliman Pub |
| 300 ## - PHYSICAL DESCRIPTION | |
| Extent | v,88 pages |
| Withdrawn status | Lost status | Source of classification or shelving scheme | Damaged status | Home library | Current library | Shelving location | Date acquired | Source of acquisition | Total Checkouts | Full call number | Barcode | Date last seen | Price effective from | Koha item type |
|---|---|---|---|---|---|---|---|---|---|---|---|---|---|---|
| Library of Congress Classification | College Library | College Library | Filipiniana Section | 03/23/2018 | Donation | LA 1290 .L477 1995 | C21456 | 05/08/2018 | 03/23/2018 | Books |